| 000 | 00646nam a2200181 a 4500 | ||
|---|---|---|---|
| 001 | 000024719 | ||
| 005 | 20200930023328.0 | ||
| 008 | 110202s1975 ru r 001 0 spa d | ||
| 040 |
_aDO-SdBNP _bspa _cBNPHU |
||
| 082 |
_axxx _bxxxx |
||
| 100 | 1 |
_aLenin, Vladímir Ilich, _d1870-1924. _950714 |
|
| 245 | 1 | 0 |
_aObras escogidas en doce tomos / _cV. I. Lenin. |
| 260 |
_aMoscú : _bProgreso, _c1975. |
||
| 300 |
_av. ; _c21 cm. |
||
| 500 | _aLa biblioteca sólo posee los v. 1, 2, 6 | ||
| 500 | _aIncluye referencias bibliográficas y notas al pie de las páginas. | ||
| 505 | 0 |
_gv. 1. _t1894-1901 -- _gv. 2. _t1902-1905. _gv. 6 _tJulio de 1916-julio de 1917 |
|
| 999 |
_c24212 _d24212 |
||